000 01338nam a2200397 a 4500
008 090306s2008||||xo oal d f 000 0dslo d
020 _a9788089089741
_q(viaz.)
_cDar
040 _aSNK
_bslo
_cSNK
_eAACR2
041 0 _aslo
044 _axo
_cSK
072 7 _a617
_xOrtopédia. Chirurgia. Oftalmológia
_2konspekt
072 7 _a615.8
_xFyzioterapia. Psychoterapia. Alternatívna medicína
_2konspekt
080 _a316.346.2-055.2
_22001
080 _a617.547-009.7
_22001
080 _a612.663
_22001
080 _a616.62-008.22
_22001
080 _a616.71-007.234
_22001
080 _a615.825
_22001
080 _a(035)
_22001
080 _a796.012.6
_22001
100 1 _aĎurišová, Elena
245 1 0 _aŽenské bolesti chrbtice
_b(sterilita, inkontinencia, osteoporóza)
_cElena Ďurišová
250 _a[1. vyd.]
260 _a[Hlohovec]
_bElena Ďurišová - AKU-HOMEO
_c2008
300 _a259 s.
_bfareb. fotogr., ilustr., tab.
_c24 cm
500 _aBiogr. údaje
500 _aMiesto vyd. podľa ISBN
504 _aBibliogr. s. 253-254. Výkladový slovník
650 0 7 _aženy
_2SNKPH
650 0 7 _abolesti chrbtice
_2SNKPH
650 0 7 _aneplodnosť
_2SNKPH
650 0 7 _ainkontinencia moču
_2SNKPH
650 0 7 _aosteoporóza
_2SNKPH
650 0 7 _apohybová terapia
_2SNKPH
650 0 7 _atelesné cvičenia
_2SNKPH
999 _c19934
_d19934